| Tag |
First Indicator |
Second Indicator |
Subfields |
| LEADER |
00000cam a2200000Mi 4500 |
| 001 |
in00003578421 |
| 006 |
m o d |
| 007 |
cr mnu---uuaaa |
| 008 |
121227s2003 gw o 000 0 eng |
| 005 |
20260422203950.6 |
| 020 |
|
|
|a 9783642190124 (electronic bk.)
|
| 020 |
|
|
|a 364219012X (electronic bk.)
|
| 020 |
|
|
|z 9783642624056
|
| 020 |
|
|
|z 3642624057
|
| 020 |
|
|
|z 364219012X
|
| 035 |
|
|
|a (OCoLC)851746063
|
| 040 |
|
|
|a AU@
|b eng
|e pn
|c AU@
|d OCLCO
|d GW5XE
|d OCLCQ
|d OCLCF
|d UtOrBLW
|
| 049 |
|
|
|a TXAM
|
| 050 |
|
4 |
|a QR46
|
| 072 |
|
7 |
|a MMFM
|2 bicssc
|
| 072 |
|
7 |
|a MED052000
|2 bisacsh
|
| 082 |
0 |
4 |
|a 616.9041
|2 23
|
| 100 |
1 |
|
|a Young, J. A. T.
|q (John A. T.)
|
| 245 |
1 |
0 |
|a Cellular Factors Involved in Early Steps of Retroviral Replication /
|c edited by John A.T. Young.
|
| 264 |
|
1 |
|a Berlin, Heidelberg :
|b Springer Berlin Heidelberg,
|c 2003.
|
| 300 |
|
|
|a 1 online resource (ix, 242 pages)
|
| 336 |
|
|
|a text
|b txt
|2 rdacontent
|
| 337 |
|
|
|a computer
|b c
|2 rdamedia
|
| 338 |
|
|
|a online resource
|b cr
|2 rdacarrier
|
| 490 |
1 |
|
|a Current topics in microbiology and immunology,
|x 0070-217X ;
|v 281
|
| 505 |
0 |
|
|a HIV-1 entry and its inhibition -- Cell surface receptors for gammaretroviruses -- Alpharetrovirus envelope-receptor interactions -- Targeting retroviral and lentiviral vectors -- Intracellular trafficking of HIV-1 cores: journey to the center of the cell -- The roles of cellular factors in retroviral integration -- Subject index.
|
| 520 |
|
|
|a The articles in this volume provide a comprehensive overview of our current understanding of the roles played by cellular factors in the early steps of retroviral replication. A better understanding of these functions will provide critical new insights into retrovirus-host cell interactions and is likely to prove useful for the future development of effective antiretroviral therapies.
|
| 500 |
|
|
|a Electronic resource.
|
| 650 |
|
0 |
|a Medicine.
|
| 650 |
|
0 |
|a Microbiology.
|
| 650 |
|
7 |
|a Medicine.
|2 fast
|0 (OCoLC)fst01014893
|
| 650 |
|
7 |
|a Microbiology.
|2 fast
|0 (OCoLC)fst01019576
|
| 655 |
|
7 |
|a Electronic books.
|2 local
|
| 710 |
2 |
|
|a SpringerLink (Online service)
|
| 776 |
1 |
8 |
|i Print version:
|z 9783642624056
|
| 830 |
|
0 |
|a Current topics in microbiology and immunology ;
|v 281.
|
| 856 |
4 |
0 |
|u http://proxy.library.tamu.edu/login?url=https://link.springer.com/10.1007/978-3-642-19012-4
|z Connect to the full text of this electronic book
|t 0
|
| 994 |
|
|
|a 92
|b TXA
|
| 999 |
|
|
|a MARS
|
| 999 |
f |
f |
|s 8f1f218b-1b3a-35c4-a25f-2a045ac9c267
|i 9fc613be-d3cc-37c3-a900-ba13401f1584
|t 0
|
| 952 |
f |
f |
|a Texas A&M University
|b College Station
|c Electronic Resources
|s www_evans
|d Available Online
|t 0
|e QR46
|h Library of Congress classification
|
| 998 |
f |
f |
|a QR46
|t 0
|l Available Online
|